| 000 | 00571nam a2200193 i 4500 | ||
|---|---|---|---|
| 001 | 41528 | ||
| 003 | ES-MaACL | ||
| 005 | 20251004063100.0 | ||
| 007 | t| | ||
| 008 | 030311s1982 sp ||||1| spa d | ||
| 020 | _a84-7492-115-5 | ||
| 080 | _a869.9-14"19" | ||
| 100 | 1 |
_aCarballo Calero, Ricardo, _d1910-1990 _935008 |
|
| 245 | 1 | 0 |
_aFuturo condicional _b: (1961-1980) / _cRicardo Carballo Calero. |
| 260 |
_aSada (A Coruña) : _bEdic. do Castro, _c[1982] |
||
| 300 |
_a219 p. ; _c19 cm. |
||
| 852 |
_aES-MaACL _jL-2699 _bR.103504 |
||
| 999 |
_c41528 _d41528 |
||